Bilder nach Buchstabe - Q #2 - Statistiken

Allgemein
  • Dieses Quiz wurde 210 mal gespielt
  • Das Durchschnittsergebnis liegt bei 9 aus 16
Antwortstatistiken
Bildquiz Antwort % Korrekt
Quad
97%
Quark
96%
Quecksilber
89%
queer
77%
Quadratmeter
73%
Quidditch
73%
Qualm
72%
Quelle
71%
Quanten
52%
Quinoa
48%
quälen
45%
Quarantäne
40%
Queensland
21%
Fabio Quagliarella
14%
Quai
14%
Quagga
9%
Keine übereinstimmenden Quizze gefunden
Verteilung der Resultate
Anzahl Personen mit jedem Resultat
Perzentil nach korrekt beantworteten Fragen
Ihre Resultats-Entwicklung
Sie haben dieses Quiz noch nicht gespielt